000 00423nam a2200169Ia 4500
008 230524s9999 xx 000 0 und d
020 _a8173195196
082 _a510
_bAMA
100 _aT.Amaranath
245 3 _aAn Elementary Course in Partial Differential equations
250 _a2ND
260 _aNEW DELHI
_bNarosa
_c1997
300 _aXY;135
500 _aQuantity Number: 2
650 _aMathematics
942 _cBK
999 _c3878
_d3878